[Event "Poznan op-B 16th"]
[Site "Poznan"]
[Date "2007.07.24"]
[Round "4.11"]
[White "Gnatonski, Tomasz"]
[Black "Mikolajczyk, Mariusz"]
[Result "0-1"]
[WhiteElo "1000"]
[BlackElo "1968"]
[PlyCount "95"]
[EventDate "2007.07.21"]
[EventType "swiss"]
[EventRounds "9"]
[EventCountry "POL"]
[SourceTitle "EXT 2023"]
[Source "ChessBase"]
[SourceDate "2022.10.05"]
[SourceVersion "1"]
[SourceVersionDate "2022.10.05"]
[SourceQuality "1"]

1. e4 c6 2. d4 d5 3. exd5 cxd5 4. c4 Nf6 5. Nc3 Nc6 6. Nf3 Bg4 7. cxd5 Nxd5 8. Bc4 e6 9. Bb5 Rc8 10. h3 Bxf3 11. Qxf3 Bb4 12. Bd2 0-0 13. Bxc6 Rxc6 14. 0-0 Nxc3 15. Bxc3 Be7 16. Rfd1 Qd5 17. Qxd5 exd5 18. Re1 Bf6 19. Rad1 Rc4 20. Rd3 h6 21. b3 Rc7 22. Bb4 Rd8 23. Bd2 Rc2 24. a4 Rdc8 25. Bf4 Rb2 26. Ree3 a6 27. Rf3 Bh4 28. g3 Be7 29. Rc3 Rxc3 30. Rxc3 Bb4 31. Rd3 b5 32. axb5 axb5 33. Kg2 Be1 34. Be3 b4 35. Kf1 Bc3 36. Kg2 Rxb3 37. Bd2 Ra3 38. Bxc3 Rxc3 39. Rd2 Kf8 40. Kf1 Ke7 41. Ke2 Kd6 42. Ra2 Ra3 43. Rb2 Ra4 44. Kd2 Kc6 45. Rc2+ Kb6 46. Rc8 Ra2+ 47. Kc1 Rxf2 48. g4 0-1

[Event "Poznan op-B 16th"]
[Site "Poznan"]
[Date "2007.07.22"]
[Round "2.11"]
[White "Jedrzejczak, Przemyslaw"]
[Black "Mikolajczyk, Mariusz"]
[Result "1/2-1/2"]
[WhiteElo "1800"]
[BlackElo "1968"]
[PlyCount "70"]
[EventDate "2007.07.21"]
[EventType "swiss"]
[EventRounds "9"]
[EventCountry "POL"]
[SourceTitle "EXT 2023"]
[Source "ChessBase"]
[SourceDate "2022.10.05"]
[SourceVersion "1"]
[SourceVersionDate "2022.10.05"]
[SourceQuality "1"]

1. e4 c6 2. d4 d5 3. e5 Bf5 4. g4 Bg6 5. h4 h6 6. h5 Bh7 7. Bd3 Bxd3 8. Qxd3 e6 9. c3 c5 10. Ne2 Nc6 11. Be3 cxd4 12. cxd4 Bb4+ 13. Nbc3 Qd7 14. a3 Bxc3+ 15. Nxc3 a6 16. b4 Nge7 17. Rc1 f5 18. f3 fxg4 19. fxg4 0-0 20. Ne2 Rf7 21. Rf1 Rxf1+ 22. Kxf1 Rf8+ 23. Kg2 b5 24. Nf4 Rc8 25. Rf1 Rf8 26. Qd2 Nd8 27. Qe2 Nf7 28. Ng6 Nxg6 29. hxg6 Nh8 30. g5 Nxg6 31. gxh6 Nf4+ 32. Bxf4 Rxf4 33. Qh5 Qf7 34. Qxf7+ Rxf7 35. hxg7 Kxg7 1/2-1/2

[Event "Poznan op-B 16th"]
[Site "Poznan"]
[Date "2007.07.21"]
[Round "1.13"]
[White "Mikolajczyk, Mariusz"]
[Black "Piechota, Piotr"]
[Result "1-0"]
[WhiteElo "1968"]
[BlackElo "1716"]
[PlyCount "43"]
[EventDate "2007.07.21"]
[EventType "swiss"]
[EventRounds "9"]
[EventCountry "POL"]
[SourceTitle "EXT 2023"]
[Source "ChessBase"]
[SourceDate "2022.10.05"]
[SourceVersion "1"]
[SourceVersionDate "2022.10.05"]
[SourceQuality "1"]

1. c4 g6 2. Nc3 Bg7 3. Nf3 Nf6 4. g3 b6 5. Bg2 Bb7 6. d4 e6 7. Bg5 d6 8. 0-0 0-0 9. e4 h6 10. Bxf6 Qxf6 11. Rc1 Nd7 12. Re1 Qe7 13. d5 Rfe8 14. a3 a5 15. Qc2 h5 16. h4 Bh6 17. Rcd1 Nf6 18. e5 dxe5 19. dxe6 Qxe6 20. Nxe5 Bxg2 21. Kxg2 Qc8 22. Nd5 1-0

[Event "POL-chT 2nd League"]
[Site "Lublin"]
[Date "2006.09.09"]
[Round "8.113"]
[White "Stepniak, Przemyslaw"]
[Black "Mikolajczyk, Mariusz"]
[Result "1/2-1/2"]
[WhiteElo "1865"]
[BlackElo "1993"]
[PlyCount "101"]
[EventDate "2006.09.02"]
[EventType "team-swiss"]
[EventRounds "9"]
[EventCountry "POL"]
[SourceTitle "EXT 2019"]
[Source "ChessBase"]
[SourceDate "2018.10.10"]
[SourceVersion "1"]
[SourceVersionDate "2018.10.10"]
[SourceQuality "1"]
[WhiteTeam "Lubsko Caissa"]
[BlackTeam "Koscian Tecza"]
[WhiteTeamCountry "POL"]
[BlackTeamCountry "POL"]

1. f4 d5 2. Nf3 Nf6 3. e3 e6 4. b3 c5 5. Bb2 Be7 6. Be2 Bd7 7. 0-0 0-0 8. d3 Nc6 9. Ne5 a6 10. Nd2 b5 11. Qe1 Nb4 12. Bd1 Rc8 13. a3 Nc6 14. Rf3 Nxe5 15. Bxe5 c4 16. Rh3 cxd3 17. cxd3 Ne8 18. g4 g6 19. g5 f6 20. Qh4 Rf7 21. gxf6 Bxf6 22. Qh6 Bxe5 23. fxe5 Qe7 24. Nf3 Rc3 25. Ng5 Rg7 26. d4 a5 27. Rf3 Bc8 28. Ra2 Rc1 29. Rf1 b4 30. axb4 Ba6 31. Be2 Rxf1+ 32. Bxf1 Bxf1 33. Kxf1 Qxb4 34. Nxe6 Rf7+ 35. Nf4 Qxb3 36. Re2 Qb1+ 37. Kf2 Qf5 38. e6 Qxe6 39. Qg5 Qd6 40. Rc2 Qd7 41. Kg2 Rf5 42. Qg3 a4 43. Rc5 Qe7 44. h4 a3 45. Ra5 Qe4+ 46. Kh2 Qc2+ 47. Kh3 Qc1 48. Qf3 Nf6 49. Ra8+ Kf7 50. Ra7+ Kg8 51. Ra8+ 1/2-1/2

[Event "Poznan op-A"]
[Site "Poznan"]
[Date "2004.07.24"]
[Round "9"]
[White "Kaczmarek, Piotr"]
[Black "Mikolajczyk, Mariusz"]
[Result "1-0"]
[WhiteElo "1951"]
[BlackElo "2007"]
[PlyCount "115"]
[EventDate "2004.07.17"]
[EventType "swiss"]
[EventRounds "9"]
[EventCountry "POL"]
[SourceTitle "EXT 2008"]
[Source "ChessBase"]
[SourceDate "2007.11.25"]
[SourceVersion "1"]
[SourceVersionDate "2007.11.25"]
[SourceQuality "1"]

1. e4 c6 2. d4 d5 3. f3 e6 4. Nc3 Bb4 5. e5 Ne7 6. Bd3 Nd7 7. a3 Ba5 8. b4 Bc7 9. Bg5 b6 10. f4 c5 11. Nf3 cxd4 12. Nxd4 Bb7 13. Qh5 g6 14. Qh6 Qc8 15. Ncb5 a6 16. Nxc7+ Qxc7 17. 0-0 b5 18. Kh1 Qb6 19. c3 Nf8 20. Rac1 Rg8 21. Bf6 Rc8 22. Rfe1 Nf5 23. Bxf5 gxf5 24. Bg7 Ng6 25. Qxh7 Kd7 26. Bh6 Nh8 27. Bg5 Rcf8 28. Bh6 Rc8 29. Bg7 Ng6 30. Bf6 Rcf8 31. Bg7 Rc8 32. Bh6 Nh8 33. Nxf5 d4 34. Bg5 Qc6 35. Re2 Qc4 36. Rd2 d3 37. Nd4 Kc7 38. Qxd3 Qxd3 39. Rxd3 Bd5 40. Nc2 Ng6 41. Ne3 Be4 42. Rd6 Kb7 43. Rd7+ Rc7 44. Rxc7+ Kxc7 45. c4 Kb7 46. cxb5 axb5 47. Rd1 Kc7 48. Kg1 Nf8 49. Kf2 Nd7 50. h4 Nb6 51. g3 Ra8 52. Rc1+ Kd7 53. Rc3 Nd5 54. Nxd5 exd5 55. Ke3 Ke6 56. g4 Bg2 57. Kd4 Bf1 58. Rc7 1-0

[Event "Poznan op-A"]
[Site "Poznan"]
[Date "2004.07.23"]
[Round "8"]
[White "Mikolajczyk, Mariusz"]
[Black "Krawczyk, Andrzej Jr"]
[Result "0-1"]
[WhiteElo "2007"]
[BlackElo "2002"]
[PlyCount "56"]
[EventDate "2004.07.17"]
[EventType "swiss"]
[EventRounds "9"]
[EventCountry "POL"]
[SourceTitle "EXT 2008"]
[Source "ChessBase"]
[SourceDate "2007.11.25"]
[SourceVersion "1"]
[SourceVersionDate "2007.11.25"]
[SourceQuality "1"]

1. c4 e5 2. Nc3 Nc6 3. g3 g6 4. Bg2 Bg7 5. Nf3 Nge7 6. 0-0 0-0 7. d3 d6 8. Bg5 h6 9. Bd2 Be6 10. Rb1 a5 11. a3 Qd7 12. Qc2 Bh3 13. Nd5 Bxg2 14. Kxg2 f5 15. Nxe7+ Qxe7 16. e3 g5 17. b4 axb4 18. axb4 e4 19. Ng1 exd3 20. Qxd3 Qe4+ 21. Qxe4 fxe4 22. c5 Ra2 23. Be1 Ne5 24. cxd6 cxd6 25. Bc3 Ng4 26. Bxg7 Kxg7 27. Nh3 Nxe3+ 28. Kg1 Nxf1 0-1

[Event "Poznan op-A"]
[Site "Poznan"]
[Date "2004.07.22"]
[Round "7"]
[White "Wielosz, Jaroslaw"]
[Black "Mikolajczyk, Mariusz"]
[Result "0-1"]
[WhiteElo "2071"]
[BlackElo "2007"]
[PlyCount "64"]
[EventDate "2004.07.17"]
[EventType "swiss"]
[EventRounds "9"]
[EventCountry "POL"]
[SourceTitle "EXT 2008"]
[Source "ChessBase"]
[SourceDate "2007.11.25"]
[SourceVersion "1"]
[SourceVersionDate "2007.11.25"]
[SourceQuality "1"]

1. d4 Nf6 2. c4 e6 3. Nf3 b6 4. Bf4 Bb7 5. e3 c5 6. dxc5 Bxc5 7. Be2 0-0 8. 0-0 d5 9. Nbd2 Nbd7 10. h3 Rc8 11. a3 dxc4 12. Nxc4 Ne4 13. Rc1 Ndf6 14. Be5 Nd5 15. b4 Be7 16. Qb3 Bf6 17. Rfd1 Bxe5 18. Nfxe5 Qh4 19. Nd3 Nec3 20. Rxc3 Nxc3 21. Qxc3 Rxc4 22. Qb3 Qg5 23. Bf1 Bd5 24. Qa4 Rc7 25. Qb5 Qf6 26. Nf4 Bb3 27. Rd7 Rc1 28. Nh5 Qc3 29. Rd4 f5 30. Rd3 Rxf1+ 31. Kxf1 Bc4 32. Kg1 Qe1+ 0-1

[Event "Poznan op-A"]
[Site "Poznan"]
[Date "2004.07.20"]
[Round "5"]
[White "Kuzin, Eduard"]
[Black "Mikolajczyk, Mariusz"]
[Result "1-0"]
[WhiteElo "2223"]
[BlackElo "2007"]
[PlyCount "65"]
[EventDate "2004.07.17"]
[EventType "swiss"]
[EventRounds "9"]
[EventCountry "POL"]
[SourceTitle "EXT 2008"]
[Source "ChessBase"]
[SourceDate "2007.11.25"]
[SourceVersion "1"]
[SourceVersionDate "2007.11.25"]
[SourceQuality "1"]

1. e4 c6 2. d4 d5 3. e5 Bf5 4. Nc3 e6 5. g4 Bg6 6. Nge2 Nd7 7. h4 h5 8. Nf4 Ne7 9. gxh5 Bf5 10. Be3 c5 11. dxc5 Nxe5 12. Nb5 N7c6 13. c3 Be7 14. Be2 a6 15. Nd4 Nxd4 16. Qxd4 Bf6 17. Qa4+ Qd7 18. Qxd7+ Nxd7 19. Rc1 Ne5 20. Bd4 Bg4 21. Nxd5 exd5 22. Bxe5 Bxe5 23. Bxg4 d4 24. Rh3 0-0 25. c4 d3 26. Rxd3 Bxb2 27. Rb1 Bf6 28. Rxb7 Bxh4 29. c6 f5 30. Bf3 Rab8 31. Rxb8 Rxb8 32. c7 Rc8 33. Rd7 1-0

[Event "Poznan op-A"]
[Site "Poznan"]
[Date "2004.07.18"]
[Round "2"]
[White "Skrochocka, Justyna"]
[Black "Mikolajczyk, Mariusz"]
[Result "1-0"]
[WhiteElo "2093"]
[BlackElo "2007"]
[PlyCount "63"]
[EventDate "2004.07.17"]
[EventType "swiss"]
[EventRounds "9"]
[EventCountry "POL"]
[SourceTitle "EXT 2008"]
[Source "ChessBase"]
[SourceDate "2007.11.25"]
[SourceVersion "1"]
[SourceVersionDate "2007.11.25"]
[SourceQuality "1"]

1. e4 c6 2. d4 d5 3. exd5 cxd5 4. Bd3 Nc6 5. c3 Nf6 6. Bf4 Bg4 7. Qb3 Qd7 8. Nd2 e6 9. Ngf3 a6 10. 0-0 Be7 11. Ne5 Qc8 12. Nxg4 Nxg4 13. Rae1 0-0 14. Qd1 Nf6 15. Qf3 b5 16. Qh3 g6 17. Nf3 Nh5 18. Bd2 Qd8 19. Re2 b4 20. Rfe1 bxc3 21. bxc3 Ng7 22. Qh6 Ra7 23. g4 Re8 24. Kg2 Rf8 25. h4 e5 26. dxe5 d4 27. c4 Ne6 28. Ng5 Nxg5 29. hxg5 f5 30. gxf6 Bxf6 31. exf6 Qxf6 32. f4 1-0

[Event "Pocztowiec-ch"]
[Site "Poznan"]
[Date "2001.??.??"]
[Round "?"]
[White "Mikolajczyk, Mariusz"]
[Black "Nowak, Rafal"]
[Result "0-1"]
[WhiteElo "1800"]
[BlackElo "2110"]
[PlyCount "78"]
[EventDate "2001.??.??"]
[EventType "swiss"]
[EventRounds "9"]
[EventCountry "POL"]
[SourceTitle "EXT 2006"]
[Source "ChessBase"]
[SourceDate "2005.11.24"]
[SourceVersion "1"]
[SourceVersionDate "2005.11.24"]
[SourceQuality "1"]

1. c4 Nf6 2. Nc3 c5 3. Nf3 g6 4. g3 Bg7 5. Bg2 0-0 6. 0-0 Nc6 7. e3 d6 8. d4 cxd4 9. Nxd4 Bd7 10. Bd2 Qc8 11. b3 Bh3 12. Rc1 h5 13. Nxc6 bxc6 14. Ne2 h4 15. f3 hxg3 16. Nxg3 e5 17. Rf2 Bxg2 18. Rxg2 Qe6 19. e4 Rfd8 20. Qf1 d5 21. cxd5 cxd5 22. exd5 Rxd5 23. Re1 Rad8 24. Bc1 Qc6 25. Bg5 R8d6 26. Rge2 Nh7 27. Be3 Rd3 28. Ne4 Rd8 29. Qg2 f5 30. Ng5 Nf6 31. Bxa7 Nh5 32. Be3 Rd1 33. Qf1 R1d3 34. Rc1 Qd5 35. Rce1 Bh6 36. Rg2 Rc8 37. f4 Rxe3 38. Rxe3 Qd4 39. Qf2 Rc1+ 0-1